00587nam a2200193 a 4500001001300000003000900013005001700022008004100039020001000080082001500090100004600105245003700151260006400188300000900252500003500261505002500296650002600321700004600347nice12345678IN_TiNIC20260116014314.0070411s2007 noia grp 000 0 eng  ac20000a350.9bFIN aFinancial Management Service Foundation,  aHandbook on Social Audit in NGOs aNoida bFinancial Management Service Foundationnoida c2007 a135p aincludes index and biblioraphy2 areferences, annexure aAccountability-Public1 aFinancial Management Service Foundation,